LEADER 05641nam 2200757 a 450 001 9910453144803321 005 20210806193628.0 010 $a0-252-09383-6 010 $a1-283-99249-3 035 $a(CKB)2550000000996637 035 $a(EBL)3414206 035 $a(SSID)ssj0000822322 035 $a(PQKBManifestationID)12425259 035 $a(PQKBTitleCode)TC0000822322 035 $a(PQKBWorkID)10757621 035 $a(PQKB)11398148 035 $a(MiAaPQ)EBC3414206 035 $a(OCoLC)826443599 035 $a(MdBmJHUP)muse25157 035 $a(Au-PeEL)EBL3414206 035 $a(CaPaEBR)ebr10653971 035 $a(CaONFJC)MIL430499 035 $a(OCoLC)923496970 035 $a(EXLCZ)992550000000996637 100 $a20110718d2012 ub 0 101 0 $aeng 135 $aur|n|---||||| 181 $ctxt 182 $cc 183 $acr 200 10$aPacific citizens$b[electronic resource] $eLarry and Guyo Tajiri and Japanese American journalism in the World War II era /$fedited, with an introduction and notes, by Greg Robinson ; foreword by Harry K. Honda 210 $aUrbana $cUniversity of Illinois Press$dc2012 215 $a1 online resource (346 p.) 225 1 $aThe Asian American experience 300 $aArticles and correspondence of Larry Tajiri with a selection of writings by Guyo Tajiri. 311 $a0-252-03672-7 320 $aIncludes bibliographical references and index. 327 $a""Cover""; ""Title Page""; ""Copyright Page""; ""Contents""; ""Series Foreword Roger Daniels""; ""Foreword Harry K. Honda""; ""Introduction: Larry and Guyo Tajiri and the Pacific Citizen""; ""Chapter One: The Early Years""; ""1. ""Sincerity/El Monte,"" Kashu Mainichi, June 9, 1933""; ""2. ""Rest in Peace,"" Kashu Mainichi, November 8, 1933""; ""3. ""New Year's Day 1934,"" Kashu Mainichi, January 1, 1934""; ""4. ""Klieg Lights,"" Japanese American Courier, January 1, 1934""; ""5. ""Discriminatory Bugaboos,"" Kashu Mainichi, May 13, 1934""; ""6. ""World Court,"" Nichi Bei, February 19, 1935"" 327 $a""7. ""As American Born Japanese View Their Role in the USA,"" Corpus Christi Times, March 1, 1935""""8. ""Inter-racial Marriage,"" Nichi Bei, June 24, 1935""; ""9. ""The Nisei: Queer People of the Pacific,"" Rafu Shimpo, December 2, 1935""; ""10. ""Under Martial Law,"" Nichi Bei, May 8, 1936""; ""11. ""Japanese Farmers Suffer Losses in Cannery Strike,"" Rafu Shimpo, April 25, 1937""; ""12. ""Chinese Americans,"" Nichi Bei, September 9, 1937""; ""13. ""The Worst Enemy,"" Nichi Bei, October 21, 1937""; ""14. ""Major Fighting is Over,"" Nichi Bei, January 1, 1938"" 327 $a""15. ""Japanese Spies,"" Nichi Bei, April 6, 1938""""16. ""State Primary Election Notes,"" Nichi Bei, August 28, 1938""; ""17. ""Nisei Writers and Fascism,"" Nichi Bei, August 18, 1939""; ""18. ""Europe on the Brink,"" Nichi Bei, August 24, 1939""; ""19. ""Name Unknown,"" Nichi Bei, October 18, 1939""; ""20. ""Lindy's New Role,"" Nichi Bei, August 19, 1940""; ""21. ""Race Prejudice,"" Nichi Bei, August 30, 1940""; ""22. ""A Nisei Writer, '41,"" Nichi Bei, January 1, 1941""; ""Chapter Two: Wartime Columns and Editorials"" 327 $a""1. ""'TELEGRAM PHASE OVER!' U.S. Expects Nisei to Show Their Fealty in Action,"" JACD Newsletter, Dece""""2. ""Over 200 Japanese Held as Dangerous Aliens in New York's Ellis Island,"" Nichi Bei, December 31,""; ""3. ""What We Face as Citizens in the Present Crisis,"" Speech before United Citizens Federation, Febru""; ""4. ""Vagaries: U.S. Nisei Lack Own Folk Music,"" Pacific Citizen, June 4, 1942""; ""5. ""Nisei USA,"" Pacific Citizen, June 25, 1942""; ""6. ""Filming the Evacuation,"" Pacific Citizen, October 15, 1942""; ""7. ""Nisei USA,"" Pacific Citizen, December 17, 1942"" 327 $a""8. ""Segregating the Disloyal,"" Pacific Citizen, February 25, 1943""""9. ""The Negro and Evacuation,"" Pacific Citizen, March 18, 1943""; ""10. ""Mrs. Roosevelt Investigates,"" Pacific Citizen, April 27, 1943""; ""11. ""Relocation,"" Topaz Trek, June 1943""; ""12. ""Malice in Wonderland,"" Pacific Citizen, September 25, 1943""; ""13. ""Mr. District Attorney,"" Pacific Citizen, November 13, 1943""; ""14. ""The Jap Questionnaire,"" Pacific Citizen, December 11, 1943""; ""15. ""Racial Problems and Faith in Democracy: A Double Bond between Japanese Americans and Japanese C"" 327 $a""16. ""The Rocky Shimpo,"" Pacific Citizen, April 4, 1944"" 410 0$aAsian American experience. 606 $aJapanese Americans$xPress coverage$zUnited States$xHistory$y20th century 606 $aJapanese Americans$xSocial conditions$y20th century 606 $aJapanese Americans$xForced removal and internment, 1942-1945$xPress coverage$zUnited States 606 $aWorld War, 1939-1945$xJapanese Americans$xPress coverage$zUnited States 606 $aJapanese American newspapers$xHistory$y20th century 608 $aElectronic books. 615 0$aJapanese Americans$xPress coverage$xHistory 615 0$aJapanese Americans$xSocial conditions 615 0$aJapanese Americans$xForced removal and internment, 1942-1945$xPress coverage 615 0$aWorld War, 1939-1945$xJapanese Americans$xPress coverage 615 0$aJapanese American newspapers$xHistory 676 $a973/.04956 700 $aTajiri$b Larry$f1914-1965.$0895104 701 $aRobinson$b Greg$f1966-$0512224 701 $aTajiri$b Guyo$f1915-2007.$0895105 801 0$bMiAaPQ 801 1$bMiAaPQ 801 2$bMiAaPQ 906 $aBOOK 912 $a9910453144803321 996 $aPacific citizens$91999874 997 $aUNINA LEADER 05337nam 2200445 450 001 9910795127503321 005 20230808210056.0 010 $a1-84888-510-5 024 7 $a10.1163/9781848885103 035 $a(CKB)4920000000126676 035 $z(OCoLC)1110049491 035 $a(nllekb)BRILL9781848885103 035 $a(MiAaPQ)EBC6481800 035 $a(EXLCZ)994920000000126676 100 $a20210406d2016 uy 0 101 0 $aeng 135 $aurun| uuuua 181 $2rdacontent 182 $2rdamedia 183 $2rdacarrier 200 00$aDialectics of space and place across virtual and corporeal topographies /$fedited by June Jordaan, Carl Haddrell, Christine Alegria 210 1$aOxford, England :$cInter-Disciplinary Press,$d[2016] 210 4$d©2016 215 $a1 online resource 311 $a90-04-37051-X 327 $aPreliminary Material /$rJune Jordaan , Carl Haddrell and Christine Alegria -- Replacing the GDR: Chernobyl, Global Risk and East Germany?s Ecological Movement /$rMartin Blum -- The Spatial Politics of Haunted House Films: How The Haunting in Connecticut Remakes Gender in the American Home /$rCarmen Michael Grillo -- Sounding Taiwan, Hearing the Empire: Japanese Covers of Taiwanese Popular Songs during Wartime, 1937-1945 /$rMadan Ho -- Meshwork of Paths and Wayfaring in Virtual World Space and Place /$rMoira Hunter -- Columns of Light: Architecture of the Immaterial /$rNazanin Khodadad -- ?If I could really... smell the (digital) manure in summer?: Transmission of Place through Text-Messages /$rAgnieszka Lyons -- From the New World Trade Center to the China Central Television Headquarters: Place as a (Global) Node /$rSanja Rode? -- Wrought-Iron Bars and Sewing Thread: The (Re)Construction of a Lost Home via Creative Practice /$rMelanie McKee -- Textile Geometries: A Speculation on Stretchy Space /$rAl Munro -- Designed Places: An Ethnography of the Financial Crisis /$rMarie Stender -- A Space Where ?Nothing Ever Changes?: The Quest(ion) of Cultural Identity in the Post-1997 Hong Kong /$rJanice Kei-Wing Tsang -- Space, Place, Phenomenology and Jukurrpa /$rAndrew Turk -- The Trialectics of Empire and Nation: City, Suburb, and Seaside in Postwar British Popular Culture /$rDavid C. Wall -- From Two-Worldliness to Allotopia: Towards Philosophico-Literary Approach to World-Building Narratives /$rKrzysztof M. Maj -- The Place of Malls in 1960s Sydney /$rMatthew Bailey -- Relation between Urban Physical Image Elements and Local Urban Folklore of Kudus City, Indonesia /$rAngeline Basuki and Undi Gunawan -- Vague Space as Potential: A Fluid Design for Urban Public Space /$rLena T. H. Berglin and Kajsa G. Eriksson -- Lived Spaces and the Places of the Architecture of Identity, an ?Outside-In? and ?Inside-Out? Research in the Prison of Monsanto: The Creative Arts Studio /$rMariana Correia Carrolo -- Taking Flight to Utopian Practice /$rKristoffer Ekberg -- Creating Place in Space /$rOlena Fedorova -- Investigating the Agency of the Architect in Post-Apartheid ?Place-Making? /$rJune Jordaan -- Space, Place and the Architecture of Identity: Enhancing Cultural Authenticity by Embedding Crafts and Arts in Educational Built Environments /$rLindy Joubert and Violeta Schubert -- Pop-Up Architecture as Urban Regeneration /$rTuuli Lähdesmäki -- An Attempt at Conceptual Tinkering: The Case of a Design-Intervention Framed as Site and Holey Space /$rTau Ulv Lenskjold -- In Search of Black Spaces: Theorizing the Erosion of Black Space in Post-Katrina New Orleans /$rGary Kinté Perry -- Practices of the Built Heritage as Other Space: Conservation and Destruction of the Wooden Churches of Transylvania /$rSmaranda Spânu -- Space as a Temporal-Spatial Event: An Investigation of South African Contemporary Exhibition Spaces in Historical Buildings /$rBarend Slabbert and June Jordaan -- The Territorial Role of a Cut, Fold and Tear /$rPaul Vivian -- The Post-Industrial Sublime or Forgetting Love Canal /$rKaren Wilson Baptist -- Space, Governmentalities, and Resistance: Lessons from the Casbah /$rDan Wood -- The Migrant and the City: Literary Representations of Public, Private, and Imagined Migrant Experience in London /$rRebecca D?Arcy -- An Exploration into the Embodied, Lived Spaces within the Leeds Metal Music Scene /$rGabby Riches -- A Period Drama /$rAndrew Sneddon. 330 $aDialectics of Space and Place across Virtual and Corporeal Topographies explores the inter- and multi-disciplinary subjects of space and place in two parts. Part 1 Virtual topographies of Space and Place is concerned with themes related to immaterial places, and Part II Corporeal Topographies of Space and Place explores narratives of real and imagined experiences of places. This volume, underpinned by an array of philosophical positions provides a foundation for new and critical dialogues on space and place. 606 $aDialectics$vTerminology 615 0$aDialectics 676 $a146.32 702 $aAlegria$b Christine 702 $aHaddrell$b Carl 702 $aJordaan$b June 801 0$bMiAaPQ 801 1$bMiAaPQ 801 2$bMiAaPQ 906 $aBOOK 912 $a9910795127503321 996 $aDialectics of space and place across virtual and corporeal topographies$93856394 997 $aUNINA